Marcatori della Roma in UEFA Europa League 2016-2017 - Statistics

Statistiche generali
  • Questo quiz è stato fatto 11 volte
  • Il punteggio medio è 19 su 21
Statistiche sulle risposte
Partita Minuto Marcatore % Corretto
Austria Vienna - Roma 2-4 4' Edin Džeko
100%
Austria Vienna - Roma 2-4 65' Edin Džeko
100%
Viktoria Plzeň 11' Edin Džeko
100%
Viktoria Plzeň 61' Edin Džeko
100%
Viktoria Plzeň 88' Edin Džeko
100%
Villarreal - Roma 0-4 65' Edin Džeko
100%
Villarreal - Roma 0-4 79' Edin Džeko
100%
Villarreal - Roma 0-4 86' Edin Džeko
100%
Roma - Austria Vienna 3-3 19' Stephan El Shaarawy
100%
Roma - Austria Vienna 3-3 34' Stephan El Shaarawy
100%
Viktoria Plzeň - Roma 1-1 4' Diego Perotti
91%
Roma - Astra Giurgiu 4-4 55' Mohamed Salah
91%
Olympique Lione - Roma 4-2 20' Mohamed Salah
91%
Austria Vienna - Roma 2-4 18' Daniele De Rossi
82%
Roma - Astra Giurgiu 4-4 15' Kevin Strootman
82%
Roma - Olympique Lione 2-1 17' Kevin Strootman
82%
Roma - Astra Giurgiu 4-4 47' Federico Fazio
73%
Olympique Lione - Roma 4-2 33' Federico Fazio
73%
Roma - Austria Vienna 3-3 69' Alessandro Florenzi
64%
Villarreal - Roma 0-4 32' Emerson Palmieri
64%
Austria Vienna - Roma 2-4 78' Radja Nainggolan
64%
Nessun quiz corrispondente trovato
Distribuzione punteggi
Percentuale di utenti per punteggio
Percentile per numero di risposta
I tuoi punteggi nel tempo
Non hai fatto questo quiz